Statistics for Real Sociedad Scorers in Liga 2019-20

Click here to take the quiz!

General Stats

  • This quiz has been taken 20 times
  • The average score is 7 of 10

Answer Stats

PlayerGoals% Correct
Alexander Isak9
82%
Martin Ødegaard4
82%
Mikel Oyarzabal10
82%
Nacho Monreal2
76%
Willian José11
71%
Mikel Merino5
65%
Adnan Januzaj3
59%
Portu7
53%
Robin Le Normand1
53%
Diego Llorente1
47%

Score Distribution

Percentile by Number Answered

Percent of People with Each Score

Your Score History

You have not taken this quiz